000 00557nam a2200181 i 4500
001 36810
003 ES-MaACL
005 20250903024952.0
007 t|
008 030219s1914 fr ||||1| fre d
100 0 _aBoutroux, Émile.
_931064
245 1 4 _aLes principes de l'analyse mathématique /
_cpar Emile Boutroux.
260 _aParis :
_bA. Hermann et Fils,
_c1914 (
_eSaint-Amand :
_fBoussière)
300 _aXI, 548 p. :
_bil. ;
_c25 cm.
650 0 7 _aAnálisis matemático
_2embne
_99772
852 _aES-MaACL
_jF-512
999 _c36810
_d36810